| 000 | 00787nam a2200181Ia 4500 | ||
|---|---|---|---|
| 008 | 100921s9999 xx 000 0 und d | ||
| 082 |
_b29864 _a020 थ 84 |
||
| 100 | _aमहाजन शांताराम गजानन. | ||
| 245 | _aिद्वबिंदु वर्गीकरण. | ||
| 260 |
_bपुणे विद्यार्थीगृह प्रकाशन,पुणे. _c1984 |
||
| 300 |
_a48 _bरसिक साहित्य,पुणे |
||
| 365 | _b20 | ||
| 520 | _aसं.ग्रंथालयशास्त्र. | ||
| 630 | _aिद्वबिंदु वर्गीकरण. | ||
| 650 | _aसं.ग्रंथालयशास्त्र. | ||
| 730 | _aिद्वबिंदु वर्गीकरण. | ||
| 942 | _cBOOK | ||
| 999 |
_c778977 _d778974 |
||